<?xml version="1.0" encoding="UTF-8"?>
<record
    xmlns:xsi="http://www.w3.org/2001/XMLSchema-instance"
    xsi:schemaLocation="http://www.loc.gov/MARC21/slim http://www.loc.gov/standards/marcxml/schema/MARC21slim.xsd"
    xmlns="http://www.loc.gov/MARC21/slim">

  <leader>04560nam a2200313 a 4500</leader>
  <controlfield tag="001">000000593</controlfield>
  <controlfield tag="003"> DO-SdBPM</controlfield>
  <controlfield tag="005">20260521103804.0</controlfield>
  <controlfield tag="007">ta</controlfield>
  <controlfield tag="008">090331s1998    dr         000 0 spa d</controlfield>
  <datafield tag="020" ind1=" " ind2=" ">
    <subfield code="a">848953974X</subfield>
  </datafield>
  <datafield tag="020" ind1=" " ind2=" ">
    <subfield code="a">9788489539747</subfield>
  </datafield>
  <datafield tag="040" ind1=" " ind2=" ">
    <subfield code="a">DO-SdBPM</subfield>
    <subfield code="b">spa</subfield>
    <subfield code="c">BPMSU </subfield>
    <subfield code="d">rda</subfield>
  </datafield>
  <datafield tag="082" ind1="0" ind2="4">
    <subfield code="a">305.42097293</subfield>
    <subfield code="b">B142t, 1998</subfield>
    <subfield code="2">22</subfield>
  </datafield>
  <datafield tag="100" ind1="1" ind2=" ">
    <subfield code="a">B&#xE1;ez D&#xED;az, Tom&#xE1;s</subfield>
    <subfield code="d">1909-2006</subfield>
    <subfield code="e">autor </subfield>
    <subfield code="4">aut. </subfield>
  </datafield>
  <datafield tag="245" ind1="1" ind2="0">
    <subfield code="a">Trilog&#xED;a :</subfield>
    <subfield code="b">la mujer aborigen, la mujer en la colonia y la mujer dominicana /</subfield>
    <subfield code="c">Tom&#xE1;s B&#xE1;ez D&#xED;az.</subfield>
  </datafield>
  <datafield tag="250" ind1=" " ind2=" ">
    <subfield code="a">2a. ed.</subfield>
  </datafield>
  <datafield tag="260" ind1=" " ind2=" ">
    <subfield code="a">Santo Domingo :</subfield>
    <subfield code="b">De Colores,</subfield>
    <subfield code="c">1998.</subfield>
  </datafield>
  <datafield tag="300" ind1=" " ind2=" ">
    <subfield code="a">226 p&#xE1;ginas ;</subfield>
    <subfield code="c">21 cm.</subfield>
  </datafield>
  <datafield tag="336" ind1=" " ind2=" ">
    <subfield code="a">texto</subfield>
    <subfield code="b">txt</subfield>
    <subfield code="2">rdacontent</subfield>
  </datafield>
  <datafield tag="337" ind1=" " ind2=" ">
    <subfield code="a">sin mediaci&#xF3;n</subfield>
    <subfield code="b">n</subfield>
    <subfield code="2">rdamedia</subfield>
  </datafield>
  <datafield tag="338" ind1=" " ind2=" ">
    <subfield code="a">volumen</subfield>
    <subfield code="b">nc</subfield>
    <subfield code="2">rdacarrier</subfield>
  </datafield>
  <datafield tag="505" ind1="0" ind2=" ">
    <subfield code="a">Premios Shell "Salom&#xE9; Ure&#xF1;a de Henr&#xED;quez" -- Veredicto -- Datos biogr&#xE1;ficos -- P&#xF3;rtico -- Introducci&#xF3;n -- Participaci&#xF3;n de la mujer aborigen -- Su contribuci&#xF3;n al trabajo -- El matrimonio -- Cantos y bailes -- Sacrificio f&#xFA;nebre -- Agon&#xED;a de una raza -- Anacaona -- Higuemota y Menc&#xED;a -- Presencia de la mujer espa&#xF1;ola en la empresa colonizadora -- Trata de blancas o introducci&#xF3;n de esclavas -- Do&#xF1;a Mar&#xED;a de Toledo y su corte -- Do&#xF1;a Mar&#xED;a de Cuellar -- El virrey trata de impedir la salida para Cuba de las esposas y familia de los colonos -- Mujer cambia el destino de Hern&#xE1;n Cort&#xE9;s -- Matrimonio por palabra de presente -- Presencia de la mujer en la misa del primer domingo de adviento de 1511 -- Ana Mar&#xED;a Beatriz de Ampi&#xE9;s es acusada de erasmismo ante el tribunal inquisitorial -- Primeras poetisas del Nuevo Mundo -- Elvira de Mendoza -- Leonor de Ovando -- Poetisa Tomasina Leyva y Mosquera -- Teodora y Micaela Gines -- Precursoras del s&#xF3;n -- La primera gobernadora en el Nuevo Mundo -- Las viudas -- Las do&#xF1;as -- Gobernadora contrabandista -- Una mujer caritativa -- Mujer virtuosa -- Do&#xF1;a Isabel Rodr&#xED;guez de la Romera instituye el mayorazgo de Bastidas -- Mujeres litigantes -- Margarita de Fuenmayor litigia con su padre y con su hermano -- Diversiones de las j&#xF3;venes -- Mujer soldado -- Juana de Sotomayor -- Mar&#xED;a de Segura lleva a Cuba el primer piano -- Instituto de la orden de las mujeres pobres -- Cuadro social de la vida colonial -- Causa contra Andrea D&#xED;az -- Proceso a una mujer casada -- Altos funcionarios abusan de mujeres honestas. Gobernador asedia dama -- Arzobispo D&#xE1;vila Padilla amonesta a gobernador Osorio -- Miembro de la Real Audiencia se casa con ni&#xF1;a de ocho a&#xF1;os y ya estaba acusado de un estupro.
Juana de Oviedo y Valdez eleva instancia contra el visitador Villagra por estupro -- Ep&#xED;logo -- La mujer dominicana -- Pr&#xF3;logo -- Introducci&#xF3;n -- Cap&#xED;tulo I -- Tratado de Basilea -- Per&#xED;odo de tragedias. &#xC9;xodo -- Ocupaci&#xF3;n francesa -- Emigraciones -- Petronila Coca -- Las monjas -- Dominga N&#xFA;&#xF1;ez -- Francisca Valerio -- Mujeres de sociedad -- Per&#xED;odo de la Espa&#xF1;ola Boba -- Cap&#xED;tulo II. Ensaladillas a las muchachas de "Sociedad" -- Una mujer en la trayectoria de una vida -- Mar&#xED;a N&#xFA;&#xF1;ez de C&#xE1;ceres -- Cap&#xED;tulo III. Per&#xED;odo de la ocupaci&#xF3;n haitiana -- Ana de Osorio -- "El terremoto" -- Contribuci&#xF3;n de la mujer a la causa independentista -- Manuel Diez y Jim&#xE9;nez -- Rosa Duarte -- Josefa Antonia Per&#xE9;z de la Paz (Chepita) -- Ana Valverde -- Filomena G&#xF3;mez de Cova -- "La Generala" -- Encarnaci&#xF3;n Echavarr&#xED;a Villaseca del Monte -- Mar&#xED;a Trinidad S&#xE1;nchez -- Manuela Rodr&#xED;guez -- Cap&#xED;tulo IV -- Per&#xED;odo de la anexi&#xF3;n a Espa&#xF1;a hasta el a&#xF1;o 1930 -- Francisca Cleofes Valdez de Mota -- Salom&#xE9; Ure&#xF1;a de Henr&#xED;quez -- Leonor M. Feltz -- Socorro del Rosario S&#xE1;nchez -- Amelia Francisca de Marchena -- (Amelia Francasci).
Virginia Elena Ortea -- Avance de la mujer dominicana. Sus caracter&#xED;sticas a principio del siglo XX -- Fl&#xE9;rida de Nolasco -- Trinidad Moya de V&#xE1;squez (Do&#xF1;a Trina) -- Altagracia Savi&#xF1;&#xF3;n -- Isabel Amechazurra de Pellerano -- La mujer durante las guerras fraticidas -- Abiga&#xED;l Mej&#xED;a de Fern&#xE1;ndez -- Evangelina Rodr&#xED;guez Perozo -- Educadoras -- Mar&#xED;a Nicolasa Billini -- Ercilia Pep&#xED;n -- Anacaona Moscoso Puello -- Las dominicanas humildes -- De todas las &#xE9;pocas -- Las lavadoras de oro -- Rezadoras de rosarios -- Decimeras o "echadoras de loas" -- La mujer criolla en el baile y el canto -- Las canasteras -- Bibliograf&#xED;a.</subfield>
  </datafield>
  <datafield tag="590" ind1=" " ind2=" ">
    <subfield code="a">Inventariado, 2020/MFF</subfield>
  </datafield>
  <datafield tag="650" ind1=" " ind2="7">
    <subfield code="a">Mujeres</subfield>
    <subfield code="z">Rep&#xFA;blica Dominicana</subfield>
    <subfield code="x">Historia</subfield>
  </datafield>
  <datafield tag="650" ind1=" " ind2="7">
    <subfield code="a">Mujeres</subfield>
    <subfield code="z">Rep&#xFA;blica Dominicana</subfield>
    <subfield code="v">Biograf&#xED;as </subfield>
  </datafield>
  <datafield tag="910" ind1=" " ind2=" ">
    <subfield code="a">VMateo V. Control de calidad BPMSU</subfield>
  </datafield>
  <datafield tag="942" ind1=" " ind2=" ">
    <subfield code="2">ddc</subfield>
    <subfield code="c">BK</subfield>
  </datafield>
  <datafield tag="952" ind1=" " ind2=" ">
    <subfield code="0">0</subfield>
    <subfield code="1">0</subfield>
    <subfield code="2">ddc</subfield>
    <subfield code="7">0</subfield>
    <subfield code="8">CD</subfield>
    <subfield code="a">BPMET</subfield>
    <subfield code="b">BPMET</subfield>
    <subfield code="d">2026-05-21</subfield>
    <subfield code="l">0</subfield>
    <subfield code="o">BPMSU CD 305.42097293 B142t, 1998</subfield>
    <subfield code="p">BPMSU26050098</subfield>
    <subfield code="r">2026-05-21</subfield>
    <subfield code="w">2026-05-21</subfield>
    <subfield code="y">BK</subfield>
  </datafield>
  <datafield tag="999" ind1=" " ind2=" ">
    <subfield code="c">15861</subfield>
    <subfield code="d">15861</subfield>
  </datafield>
</record>
